|
|
|
|
| LEADER |
01027nta a2200229 i 4500 |
| 001 |
dokt2996 |
| 005 |
20200505095611.0 |
| 008 |
160602s2016 hu om 0|| hun d |
| 024 |
7 |
|
|a 10.14232/phd.2996
|2 doi
|
| 024 |
7 |
|
|a 3195526
|2 mtmt
|
| 040 |
|
|
|a SZTE Doktori Repozitórium
|b hun
|
| 041 |
|
|
|a hun
|
| 100 |
1 |
|
|a Povedák Kinga
|
| 245 |
1 |
0 |
|a Rockapostolok - A keresztény könnyűzene vallástudományi vizsgálata
|h [elektronikus dokumentum] /
|c Povedák Kinga
|
| 246 |
1 |
0 |
|a Rock apostles - A religious studies investigation of christian popular music
|h [elektronikus dokumentum]
|
| 260 |
|
|
|c 2016-06-22
|
| 502 |
|
|
|a Disszertacio
|
| 650 |
|
4 |
|a történelemtudományok
|
| 700 |
1 |
|
|a Barna Gábor
|e ths
|
| 856 |
4 |
0 |
|u https://doktori.bibl.u-szeged.hu/id/eprint/2996/1/ROCKAPOSTOLOK%20PHD.pdf
|z Dokumentum-elérés
|
| 856 |
4 |
0 |
|u https://doktori.bibl.u-szeged.hu/id/eprint/2996/3/tezisek%20POVEDAK.pdf
|z Dokumentum-elérés
|
| 856 |
4 |
0 |
|u https://doktori.bibl.u-szeged.hu/id/eprint/2996/2/english%20abstract%20POVEDAK.pdf
|z Dokumentum-elérés
|